000 005170000a22001810004500
003 MACL
005 20160324154732.0
008 160324b xxu||||| |||| 00| 0 eng d
040 _aMACL
_cMACL
041 _aHindi
082 _a294
100 _aसुरेन्‍द्रनाथ सक्‍सेना
_943013
245 _aमनुस्‍मृति
260 _bअनु प्रकाशन
_c2010
_aजयपुर
350 _a750
650 _aReligion
_948378
942 _cHIN
_k294/SAX
_2ddc
999 _c45259
_d45259